Responses for Show #7818 - Wednesday, September 12, 2018

Kyle Jones game 1.

Contestants

[<< previous game]

Monica Couch, a pastry chef from Egg Harbor City, New Jersey

Kyle Jones, a music teacher from Aurora, Colorado

Lori Goodman, a nonprofit executive director from Goleta, California (whose 1-day cash winnings total $34,401)

[next game >>]

Jeopardy! Round responses

WHAT BALL ARE YOU CHASING?
HISTORY IN BRIEF
I LEARNED IT FROM MENTAL FLOSS
MOB RULE
SIMILAR WORDS
"A", BABY!
    $200 11
glass

Lori
    $200 6
Count Dracula

Lori
    $200 17
Capone

Kyle
    $200 16
a palate/palette

Monica
    $200 1
adoption

Lori
    $400 12
The Spirit of St. Louis

Lori
    $400 7
brain freeze

Lori
    $400 18
(Monica: [*]? What is a [*]?)

"Docile Don"

Monica
    $400 22
the obverse

Lori
    $400 2
amniotic

Lori
    $600 26
a football

Kyle
    $600 13
(Monica: What is an eclipse?)

a cross

KyleMonica
    $600 8
a Peep

Lori
    $600 19
families

Kyle
    $600 23
(Alex: And we have less than a minute now.)

monogamy or monotony

Lori
    $600 3
(Kyle: What is attention?)

activity

LoriKyle
    $800 28
[The end-of-round signal sounds.]

the Snitch

Kyle
    $1,800 14
Spain and Portugal

Kyle
    $800 9
Guinness

Kyle
    $800 20
the FBI

Kyle
    $800 24
(Kyle: What is engagement?)

marital and martial

Kyle
Triple Stumper
    $800 4
artificial insemination

Triple Stumper
    $1000 27
Alan Ball

Monica
    $1000 15
Thomas à Becket

Triple Stumper
    $1000 10
(Ansel) Adams

Kyle
    $1000 21
the Purple Gang

Monica
    $1000 25
respite

Triple Stumper
    $1000 5
Apgar

Lori

Scores at the first commercial break (after clue 15):

Lori Kyle Monica
$4,000 $3,600 -$600

Scores at the end of the Jeopardy! Round:

Lori Kyle Monica
$5,000 $5,800 $2,000

Double Jeopardy! Round responses

FANTASY & PARANORMAL LIT
URBAN PLANNING
MOVIE ROLE, TV ROLE
3 "E"s
MALI
OR BUST
    $400 13
Merlin

Kyle
    $400 3
a grid

Monica
    $400 1
Drew Barrymore

Monica
    $400 7
delete

Lori
    $400 20
French

Kyle
    $400 23
Beethoven

Monica
    $800 14
Rosemary's Baby

Kyle
    $2,000 4
"Yes, in my backyard"

Monica
    $800 2
(Monica: Who is... uh... oh!)

Mandy Patinkin

LoriMonica
    $800 8
an eavesdropper

Lori
    $800 21
soccer

Kyle
    $800 24
(Francis Scott) Key

Kyle
    $1200 15
fallen angels

Monica
    $1200 5
a skyway

Kyle
    $1200 19
Danny DeVito

Monica
    $1200 9
"Edelweiss"

Kyle
    $1200 28
crocodiles

Kyle
    $1200 25
Augustus

Monica
    $1600 16
(Kyle: What is daemon?)

fae (or faerie)

KyleMonica
    $1600 6
(Monica: What is a patch?)

a pocket park

LoriMonica
    $1600 18
Jamie Lee Curtis

Monica
    $1600 10
(Monica: What is the green market?)
[Originally ruled incorrect; ruled correct before the second Daily Double.]

the greengrocer

LoriMonica
    $1600 29
Spider-Man

Kyle
    $1600 27
Lenin

Kyle
    $2000 22
(Ursula) Le Guin

Lori
    $2000 12
a corridor

Lori
    $2000 17
Ray Liotta

Triple Stumper
    $2000 11
(Monica: What are the teetotalers?)

temperance

KyleMonica
    $1,000 30
a mosque

Kyle
    $2000 26
(Monica: Who is Adams?)
...
(Alex: Less than a minute now.)

Alexander Hamilton

Monica
Triple Stumper

Scores at the end of the Double Jeopardy! Round:

Lori Kyle Monica
$14,200 $17,200 $7,200

[wagering suggestions for these scores]

Final Jeopardy! Round responses

18th CENTURY NAMES
(Alex: To Monica] You added an "E" to the end, but we made an executive decision that we would not penalize our contestants because of that. It was Dr. [*].)
MonicaWho is Guillotine?
$1,200
LoriWho is Guillotine?
$3,001
KyleWho is Guillotine?
$11,201
Joseph Guillotin

Final scores:

Lori Kyle Monica
$17,201 $28,401 $8,400
2nd place: $2,000 New champion: $28,401 3rd place: $1,000

Game dynamics:

Coryat scores:

Lori Kyle Monica
$14,200 $17,200 $6,000
18 R,
0 W
21 R
(including 2 DDs),
3 W
14 R
(including 1 DD),
5 W

Combined Coryat: $37,400

[game clues] [game scores] [suggest correction]

Game tape date: 2018-07-17
The J! Archive is created by fans, for fans. Scraping, republication, monetization, and malicious use prohibited; this site may use cookies and collect identifying information. See terms. The Jeopardy! game show and all elements thereof, including but not limited to copyright and trademark thereto, are the property of Jeopardy Productions, Inc. and are protected under law. This website is not affiliated with, sponsored by, or operated by Jeopardy Productions, Inc. Join the discussion at JBoard.tv.